LEADER 03139nam 2200661Ia 450 001 9910459872303321 005 20200520144314.0 010 $a1-282-76089-0 010 $a9786612760891 010 $a92-4-068542-1 035 $a(CKB)2670000000037980 035 $a(EBL)579106 035 $a(OCoLC)662259098 035 $a(SSID)ssj0000431443 035 $a(PQKBManifestationID)11965427 035 $a(PQKBTitleCode)TC0000431443 035 $a(PQKBWorkID)10476630 035 $a(PQKB)11648383 035 $a(MiAaPQ)EBC579106 035 $a(Au-PeEL)EBL579106 035 $a(CaPaEBR)ebr10411816 035 $a(CaONFJC)MIL276089 035 $a(EXLCZ)992670000000037980 100 $a20100120d2009 uf 0 101 0 $aeng 135 $aur|n|---||||| 181 $ctxt 182 $cc 183 $acr 200 10$aWorld malaria report 2009$b[electronic resource] /$fWorld Health Organization 210 $aGeneva $cWorld Health Organization$d2009 215 $a1 online resource (200 p.) 300 $a"The World malaria report 2009 was produced by the Global Malaria Programme. Maru Aregawi, Richard Cibulskis, Ryan Williams and Mac Otten of the Surveillance, Monitoring and Evaluation Unit provided overall coordination."--P. vi. 311 $a92-4-156390-7 320 $aIncludes bibliographical references. 327 $aCOVER; COPYRIGHT; Contents; Foreword; Acknowledgements; Abbreviations; Summary; Key points; Chapter 1. Introduction; Chapter 2. Policies, strategies and targets for malaria control; Chapter 3. Interventions to control malaria; Chapter 4. Impact of malaria control; Chapter 5. Elimination of malaria; Chapter 6. Financing malaria control; Profiles: 31 high-burden countries; Annexes 330 $aThe 2009 World Malaria Reportsummarizes information received from 108 malaria endemic countries and other sources and updates the analysis presented in the 2008 report. It highlights progress made in meeting the World Health Assembly targets for malaria to be achieved by 2010 and 2015, and new goals on malaria elimination contained in the Global Malaria Action Plan. Readers of this Reportwill want to know, in comparison to last year: have finances continued to grow, to enable scale up throughout Africa and globally? Have the commodities distributed by national governments ended up in household 517 3 $a2009 world malaria report 606 $aMalaria$xPrevention 606 $aAntimalarials 606 $aNational health services 608 $aElectronic books. 615 0$aMalaria$xPrevention. 615 0$aAntimalarials. 615 0$aNational health services. 676 $a614.532 701 $aAregawi$b Maru$0927277 701 $aCibulskis$b Richard E$0927278 701 $aOtten$b Mac$0927279 701 $aWilliams$b Ryan$0862075 712 02$aWorld Health Organization.$bGlobal Malaria Programme.$bSurveillance, Monitoring and Evaluation Unit. 801 0$bMiAaPQ 801 1$bMiAaPQ 801 2$bMiAaPQ 906 $aBOOK 912 $a9910459872303321 996 $aWorld malaria report 2009$92083469 997 $aUNINA